| 000 | 01105cam a22002655i 4500 | ||
|---|---|---|---|
| 001 | 19532321 | ||
| 005 | 20180228073703.0 | ||
| 008 | 170301s2016 enka b 001 0 eng | ||
| 010 | _a 2017288130 | ||
| 020 | _a9780128038932 (pbk.) | ||
| 020 | _a0128038934 (pbk.) | ||
| 035 | _a(DLC)19532321 | ||
| 035 | _a(DLC)2017288130 | ||
| 040 |
_aDLC _beng _cDLC _erda |
||
| 041 | _aeng | ||
| 042 | _apcc | ||
| 080 | _a540 | ||
| 100 | _a11 | ||
| 101 | _akim | ||
| 245 | 0 | 0 |
_aExperimental organic chemistry : _cJoaquín Isac-García (Universidad de Granada, Granada, Spain), José A. Dobado (Universidad de Granada, Granada, Spain), Francisco G. Calvo-Flores (Universidad de Granada, Granada, Spain), Henar Martínez-García (Universidad de Valladolid, Valladolid, Spain). |
| 504 | _aIncludes bibliographical references and index. | ||
| 906 |
_a0 _bibc _corigres _d2 _encip _f20 _gy-gencatlg |
||
| 942 |
_2ddc _cBK |
||
| 999 |
_c43711 _d43711 |
||